High Court Criminal Appeal No.7/1996 Magidu Mudasi vs Uganda (Record no. 2832)
[ view plain ]
| 000 -LEADER | |
|---|---|
| fixed length control field | 00548nam a22001217a 4500 |
| 008 - FIXED-LENGTH DATA ELEMENTS--GENERAL INFORMATION | |
| fixed length control field | 110614t xxu||||| |||| 00| 0 eng d |
| 010 ## - LIBRARY OF CONGRESS CONTROL NUMBER | |
| LC control number | HCCAF39 |
| 245 ## - TITLE STATEMENT | |
| Title | High Court Criminal Appeal No.7/1996 Magidu Mudasi vs Uganda |
| 260 ## - PUBLICATION, DISTRIBUTION, ETC. (IMPRINT) | |
| Date of publication, distribution, etc | 1996 |
| 500 ## - GENERAL NOTE | |
| General note | CARAM:S.T. Mayindo, DCJ: C.M.Kato .J.A. Berko.JA. |
| 500 ## - GENERAL NOTE | |
| General note | An Appeal from a Conviction of the High Court of Uganda at Mbale by Justice Engwau dated 31/11/1995 in Criminal Session Case No. 90 of 1993 |
| Withdrawn status | Lost status | Source of classification or shelving scheme | Damaged status | Koha normalized classification for sorting | Not for loan | Location (home branch) | Sublocation or collection (holding branch) | Shelving location | Date acquired | Koha issues (times borrowed) | Koha full call number | Piece designation (barcode) | Koha date last seen | Price effective from | Koha item type |
|---|---|---|---|---|---|---|---|---|---|---|---|---|---|---|---|
| Dewey Decimal Classification | 71996 | Law Development Centre Main Library | Archives | Law Reports | 06/14/2011 | 7/1996 | 7/1995/3 | 06/14/2011 | 06/14/2011 | Un Reported Cases |
